• 首页
  • 本馆介绍
  • 公告通知
  • 最新文献
  • 馆藏检索
  • 电子资源
  • 读者导购
  • 参考咨询
  • 我的图书馆
  • 登录
  • 详细信息显示
  • 放入我的书架
  • 预约/预借图书
  • 作者相关作品
  • 分类相关作品
  • 丛书相关作品
  • 出版社相关作品

书目信息

  • 表格格式
  • 工作单格式
  • 卡片格式
题名:
M2024打印机的维修与应用
    
 
作者: 本书组编
分册:  
出版信息: 天津   天津红星工厂  1988.01
页数: 84页
开本: 26cm
丛书名:
单 册:
中图分类: TP307
科图分类:
主题词: 计算技术 , 电子计算机
电子资源:
ISBN:
000 00551nam0 2200193 450
001 0852074774
005 20081119143014.42
010    @dCNY7.20
100    @a20081119d1988 km y0chiy0120 ea
101 0  @achi
102    @aCN@b120000
200 1  @aM2024打印机的维修与应用@AM2024 da yin ji de wei xiu yu ying yong@f本书组编@Fben shu zu bian
210    @a天津@c天津红星工厂@d1988.01
215    @a84页@d26cm
606 0  @a计算技术
606 0  @a电子计算机
690    @aTP307@v4
801  0 @aCN@b大连网信软件有限公司图书馆·11@c20081119
905    @aBZT@dTP307@e29
    
    M2024打印机的维修与应用/本书组编.-天津:天津红星工厂,1988.01
    84页;26cm
    
    
    ISBN :CNY7.20
    
●
相关链接 在五车中查询图书 在当当中查询图书 在豆瓣中查询图书


正题名:M2024打印机的维修与应用     索取号:TP307/29         预约/预借

序号 登录号 条形码 馆藏地/架位号 状态 备注
1 072886   201210607   中心书库中库/ 中库028架B面7列6层3/ [索取号:TP307/29] 在馆    
山东省滨州职业学院图书馆 欢迎您!
大连网信软件有限公司© 版权所有